Catálogo público

Matemáticas l : (Record no. 109824)

MARC details
000 -CABECERA
campo de control de longitud fija 00897nam a2200313 a 4500
001 - NÚMERO DE CONTROL
campo de control 000113363
003 - IDENTIFICADOR DEL NÚMERO DE CONTROL
campo de control CHAP
005 - FECHA Y HORA DE LA ÚLTIMA TRANSACCIÓN
campo de control 20220329144350.0
008 - DATOS DE LONGITUD FIJA--INFORMACIÓN GENERAL
campo de control de longitud fija 170613s2011 mx a |r| ||||||spa d
010 ## - NÚMERO DE CONTROL DE LA BIBLIOTECA DEL CONGRESO
Número de control de LC 109824
011 ## - ENLACE DEL NUMERO DE CONTROL DE LA BIBLIOTECA DEL CONGRESO [OBSOLETO]
Número de control de LC 110796
020 ## - NÚMERO INTERNACIONAL ESTÁNDAR DEL LIBRO
Número Internacional Estándar del Libro 9786073203111
040 ## - FUENTE DE LA CATALOGACIÓN
Centro/agencia transcriptor CHAP
082 04 - NÚMERO DE LA CLASIFICACIÓN DECIMAL DEWEY
Número de clasificación 512
Número de documento/Ítem J61 2011
100 1# - ENTRADA PRINCIPAL--NOMBRE DE PERSONA
Nombre de persona Jiménez, René
9 (RLIN) 132566
245 10 - MENCIÓN DE TÍTULO
Título Matemáticas l :
Resto del título álgebra /
Mención de responsabilidad, etc. por René Jiménez.
250 ## - MENCIÓN DE EDICIÓN
Mención de edición 2 ed.
260 ## - PUBLICACIÓN, DISTRIBUCIÓN, ETC.
Lugar de publicación, distribución, etc. México :
Nombre del editor, distribuidor, etc. Prentice Hall,
Fecha de publicación, distribución, etc. 2011.
300 ## - DESCRIPCIÓN FÍSICA
Extensión 238 p. :
Otras características físicas il.
590 ## - NOTA LOCAL (RLIN)
Nota local E11695DGD
Procedencia (VM) [OBSOLETO] 10
Condición del los carretes individuales (VM) [OBSOLETO] 20170613
-- UCH01
-- 1227
590 ## - NOTA LOCAL (RLIN)
Nota local E11695DGD
Procedencia (VM) [OBSOLETO] 10
Condición del los carretes individuales (VM) [OBSOLETO] 20170613
-- UCH01
-- 1229
590 ## - NOTA LOCAL (RLIN)
Nota local E5765TAJ
Procedencia (VM) [OBSOLETO] 05
Condición del los carretes individuales (VM) [OBSOLETO] 20170613
-- UCH01
-- 0842
650 14 - PUNTO DE ACCESO ADICIONAL DE MATERIA--TÉRMINO DE MATERIA
Término de materia o nombre geográfico como elemento de entrada Álgebra
Subdivisión general Enseñanza programada.
9 (RLIN) 132567
650 14 - PUNTO DE ACCESO ADICIONAL DE MATERIA--TÉRMINO DE MATERIA
Término de materia o nombre geográfico como elemento de entrada Álgebra
Subdivisión general Libros de texto.
9 (RLIN) 132568
650 14 - PUNTO DE ACCESO ADICIONAL DE MATERIA--TÉRMINO DE MATERIA
Término de materia o nombre geográfico como elemento de entrada Matemáticas
Subdivisión general Enseñanza programda.
9 (RLIN) 132569
901 ## - ELEMENTOS DE DATOS A LOCAL LDA (RLIN)
a BK
942 ## - ELEMENTOS DE PUNTO DE ACCESO ADICIONAL (KOHA)
Tipo de ítem Koha Libro
942 ## - ELEMENTOS DE PUNTO DE ACCESO ADICIONAL (KOHA)
Suprimir en OPAC 0
Holdings
Estado de retiro Estado de pérdida Fuente del sistema de clasificación o colocación Estado dañado Restricciones de uso No para préstamo Código de colección Localización permanente Ubicación/localización actual Ubicación en estantería Fecha de adquisición Información codificada de la localización en otra ubicación Total de préstamos Signatura topográfica completa Código de barras En préstamo Fecha visto por última vez Fecha del último préstamo Número de copia Precio válido a partir de Tipo de ítem Koha
    Dewey Decimal Classification   Préstamo 15 días   General Biblioteca Central Biblioteca Central Planta alta - Colección General 11/04/2018 LIBRO 2 512 J61 2011 33724002547660 08/04/2022 24/03/2022 24/03/2022 c.2 31/12/2019 Libro
    Dewey Decimal Classification   Préstamo 15 días   General Biblioteca Central Biblioteca Central Planta alta - Colección General 11/04/2018 LIBRO 3 512 J61 2011 33724002547702   28/10/2025 02/10/2025   31/12/2019 Libro
    Dewey Decimal Classification   Préstamo 15 días   General Centro Regional San Luis Acatlán Centro Regional San Luis Acatlán   13/06/2017 LIBRO   512 J61 2011 02000001047   31/12/2019     13/06/2017 Libro